| 000 | 01698nam a2200373 c 4500 | ||
|---|---|---|---|
| 003 | BLK | ||
| 005 | 20240308094440.0 | ||
| 008 | 180408b bul|||||r ||||||| ||bul|| | ||
| 010 | _aKNG00045035000 | ||
| 020 |
_a978-954-2958-11-6 _bиздат.: Enthusiast |
||
| 040 | _aBLK | ||
| 041 |
_aBUL _cBUL |
||
| 072 | 7 |
_2bullib _aН84 _xБългарска художествена литература Н |
|
| 080 |
_aБългарска литература _b821.163.2 _x-293.7 _z821.163.2-293.7 |
||
| 080 |
_aПроизводство на кинофилми _b791.44 _x(497.2)(091) _z791.44(497.2)(091) |
||
| 100 | 1 |
_aФучеджиева, Милена _eпърви автор _9277736 |
|
| 700 | 1 |
_aИлиева, Елена _e* _9367669 |
|
| 700 | 1 |
_aХристов, Димитър _e* _9367670 |
|
| 700 |
_aДилов, Любен Любенов _e* _9366098 |
||
| 139 |
_aКой кой е в "Седем часа разлика" _bК 75 |
||
| 245 | 1 | 0 |
_aКой кой е в "Седем часа разлика" _bПо сериала "Седем часа разлика" _cМилена Фучеджиева; * Елена Илиева; * Димитър Христов; * Любен Любенов Дилов. |
| 257 | _aBGR | ||
| 260 |
_аСофия _bEnthusiast _c2011 _fСофия : Мултипринт |
||
| 300 |
_a104 с. _bсъс сн. _c24 см |
||
| 380 | _aX | ||
| 500 | _aДр. автори : Елена Илиева, Димитър Христов, Любен Дилов-син | ||
| 659 | _aН | ||
| 852 | _aЦб ІІ 17020 | ||
| 856 | 4 |
_qpdf _u |
|
| 856 | 4 |
_qpdf _u |
|
| 942 |
_cKNG _n0 |
||
| 944 |
_aCR _c28.12.2011 _k30560 _lГеновева Генчева |
||
| 944 |
_aED _c21.05.2013 _k |
||
| 999 |
_c41470 _d41470 |
||